[Event "VII Cto. de España Abierto Zona Sur"]
[Site "Almeria (España)"]
[Date "2007.09.06"]
[Round "5.8"]
[White "Canabate Carmona, Francisco"]
[Black "Figuero Toro, Julian"]
[Result "0-1"]
[WhiteElo "2050"]
[BlackElo "2239"]
[PlyCount "228"]
[EventDate "2007.09.??"]
[EventType "swiss"]
[EventRounds "7"]
[EventCountry "ESP"]

1. d4 Nf6 2. c4 g6 3. Nf3 Bg7 4. g3 O-O 5. Bg2 d6 6. O-O a6 7. Nc3 Nc6 8. Re1
Rb8 9. a4 a5 10. h3 Nd7 11. b3 e5 12. e3 Re8 13. d5 Nb4 14. e4 Nc5 15. Be3 Nbd3
16. Re2 f5 17. Rd2 f4 18. Bxc5 Nxc5 19. g4 Bf6 20. Ne1 Bg5 21. Bf3 Bh6 22. Nd3
Nd7 23. Nb5 Rf8 24. Na7 Qh4 25. Kg2 Bg5 26. Nxc8 Rbxc8 27. Qe2 Be7 28. Rdd1 Kg7
29. Rh1 Rh8 30. Rag1 h6 31. Kf1 c6 32. dxc6 bxc6 33. Kg2 Bd8 34. c5 dxc5 35.
Rc1 Bb6 36. Nb2 Rhd8 37. Nc4 Bc7 38. Rcd1 Nf8 39. Rxd8 Rxd8 40. Rd1 Ne6 41.
Rxd8 Qxd8 42. Qd2 Nd4 43. Bd1 Qg5 44. f3 Qd8 45. Qe1 h5 46. Qd2 hxg4 47. hxg4
Kf8 48. Qe1 Ne6 49. Qd2 Qd4 50. Be2 Kg7 51. Qe1 Qd8 52. Qd2 Nd4 53. Bd1 Kf6 54.
Qe1 Kg5 55. Qd2 Qa8 56. Qe1 Qd8 57. Kh3 Qh8+ 58. Kg2 Qa8 59. Kh3 Qh8+ 60. Kg2
Qh4 61. Qxh4+ Kxh4 62. Kh2 Kg5 63. Kh3 Kf6 64. Kg2 Kg5 65. Kh3 Ne6 66. Kg2 Nf8
67. Be2 Kh4 68. Bd1 Kg5 69. Be2 Kf6 70. Kh3 Ke6 71. Kg2 Nh7 72. Kf2 Ng5 73. Bd3
Nf7 74. Ke2 Nd8 75. Kd2 Nb7 76. Ke2 Bd8 77. Kf1 Bh4 78. Ke2 Be7 79. Kf1 Bd8 80.
Ke2 Kf6 81. Kf2 Bc7 82. Ke2 Nd8 83. Kf2 Ke7 84. Ke2 Ne6 85. Kd2 Nd4 86. Be2
Nxb3+ 87. Kc3 Nd4 88. Bd1 Kf6 89. Nd2 Kg5 90. Nb3 Ne6 91. Kc4 Bb6 92. Nc1 Bc7
93. Nd3 Bd6 94. Nc1 Nd8 95. Bb3 Kh4 96. Kd3 Kg3 97. Ke2 c4 98. Bxc4 Kh4 99. Nb3
Bb4 100. Nc1 Kg5 101. Nd3 Bd6 102. Kd2 Kf6 103. Nc1 Nb7 104. Nb3 Bb4+ 105. Kd3
Nd6 106. Bg8 Kg5 107. Be6 Kh4 108. Nd2 Bxd2 109. Kxd2 Kg3 110. Ke2 c5 111. Bb3
c4 112. Bd1 Kg2 113. Bc2 Nf7 114. Bb1 Ng5 0-1

[Event "VII Cto. de España Abierto Zona Sur"]
[Site "Almeria (España)"]
[Date "2007.09.06"]
[Round "5.9"]
[White "Sanchez Botella, Luis Javier"]
[Black "Spitzer Isbert, Ramon"]
[Result "0-1"]
[WhiteElo "2244"]
[BlackElo "2097"]
[PlyCount "102"]
[EventDate "2007.09.??"]
[EventType "swiss"]
[EventRounds "7"]
[EventCountry "ESP"]

1. d4 Nf6 2. c4 g6 3. Nc3 Bg7 4. e4 d6 5. Nf3 O-O 6. Be2 e5 7. O-O Nc6 8. Be3
Ng4 9. Bg5 f6 10. Bh4 Nh6 11. dxe5 dxe5 12. c5 Kh8 13. Qxd8 Nxd8 14. Nb5 Ne6
15. b4 g5 16. Bg3 a6 17. Nc3 Nf7 18. h4 h6 19. Nd5 Re8 20. Rfd1 Kh7 21. Bc4
Nfd8 22. a3 Nc6 23. Ra2 Rf8 24. Rad2 Kh8 25. Nh2 Kh7 26. Nf1 Ncd4 27. Nfe3 Bd7
28. f3 Bb5 29. Ba2 Ba4 30. Re1 Rae8 31. Bf2 Bb5 32. Nf5 c6 33. Nxd4 exd4 34.
Nb6 a5 35. Bxd4 axb4 36. axb4 Nxd4 37. Rxd4 f5 38. Rd7 fxe4 39. fxe4 Kh8 40.
Rxb7 g4 41. Bf7 Bd4+ 42. Kh1 Re5 43. Bg6 Re6 44. h5 g3 45. Rf7 Rxf7 46. Bxf7
Rf6 47. Bg6 Rf4 48. Bf5 Bd3 49. Nd7 Bxe4 50. Bh3 Rh4 51. Nf8 Rxh3# 0-1

[Event "VII Cto. de España Abierto Zona Sur"]
[Site "Almeria (España)"]
[Date "2007.09.06"]
[Round "5.10"]
[White "De Nacimiento Montano, Antonio"]
[Black "Delgado Palomeque, Marco A"]
[Result "0-1"]
[WhiteElo "1992"]
[BlackElo "2232"]
[PlyCount "95"]
[EventDate "2007.09.??"]
[EventType "swiss"]
[EventRounds "7"]
[EventCountry "ESP"]

1. e4 e6 2. d4 d5 3. exd5 exd5 4. Nf3 Nf6 5. c4 Be7 6. Nc3 O-O 7. Bd3 Nc6 8.
O-O Nb4 9. Be2 dxc4 10. Bxc4 Bg4 11. Re1 Bxf3 12. gxf3 c6 13. Bf4 Nfd5 14. Nxd5
cxd5 15. Bb3 Bg5 16. Bd2 Nc6 17. f4 Bf6 18. Bc3 Qd6 19. Qd2 b5 20. a3 a5 21.
Qe3 Rad8 22. Qd2 b4 23. axb4 axb4 24. Ra6 bxc3 25. Qxc3 Qxf4 26. Rxc6 Bxd4 27.
Qg3 Qd2 28. Rd1 Qb4 29. Qd3 Bxb2 30. Bxd5 Qg4+ 31. Kh1 Be5 32. Qf3 Qh4 33. h3
Rb8 34. Rdc1 g6 35. Kg2 Kg7 36. Qg4 Qd8 37. Qf3 Rb4 38. R6c4 Rb2 39. R4c2 h5
40. Be4 Qg5+ 41. Kf1 Rfb8 42. Bd5 f5 43. Qa3 Rxc2 44. Rxc2 Rb1+ 45. Ke2 Qg1 46.
Kd3 Qd1+ 47. Rd2 Qf1+ 48. Ke3 0-1

[Event "VII Cto. de España Abierto Zona Sur"]
[Site "Almeria (España)"]
[Date "2007.09.06"]
[Round "5.11"]
[White "Machin Arbelo, Pedro Alexis"]
[Black "Barrenechea Bahamonde, Gustavo"]
[Result "1-0"]
[WhiteElo "2121"]
[BlackElo "2220"]
[PlyCount "91"]
[EventDate "2007.09.??"]
[EventType "swiss"]
[EventRounds "7"]
[EventCountry "ESP"]

1. e4 d5 2. exd5 Nf6 3. c4 e6 4. dxe6 Bxe6 5. Be2 Nc6 6. Nf3 Bc5 7. O-O Nd4 8.
b4 Nxf3+ 9. Bxf3 Bd4 10. Nc3 Bxc4 11. Re1+ Kf8 12. b5 Qd6 13. Qa4 h5 14. Qxc4
Ng4 15. Bxg4 Qf4 16. Ba3+ Kg8 17. Be2 h4 18. Nd5 Qxf2+ 19. Kh1 h3 20. Ne7+ Kh7
21. Qd3+ g6 22. Qf3 hxg2+ 23. Qxg2 Qxg2+ 24. Kxg2 Bxa1 25. Rxa1 Rad8 26. Rf1 f5
27. d3 Rhe8 28. Rf3 Kg7 29. Rh3 Kf6 30. Rh7 c6 31. bxc6 bxc6 32. Bb2+ Kg5 33.
h4+ Kf4 34. Bc1+ Ke5 35. Nxc6+ Kd6 36. Nxd8 Rxe2+ 37. Kf3 Rxa2 38. Bf4+ Kc5 39.
Be3+ Kb4 40. Rxa7 Rh2 41. Nc6+ Kc3 42. Ra3+ Kb2 43. Ra4 Kc3 44. Rc4+ Kb3 45.
Nd4+ Ka3 46. Bc1+ 1-0

[Event "VII Cto. de España Abierto Zona Sur"]
[Site "Almeria (España)"]
[Date "2007.09.06"]
[Round "5.12"]
[White "Barrios Munoz, Rafael Carlos"]
[Black "De Nacimiento Montano, Angel"]
[Result "1-0"]
[WhiteElo "2146"]
[BlackElo "1999"]
[PlyCount "59"]
[EventDate "2007.09.??"]
[EventType "swiss"]
[EventRounds "7"]
[EventCountry "ESP"]

1. e4 g6 2. h4 h5 3. Nc3 Bg7 4. d4 c5 5. d5 d6 6. Nf3 Nf6 7. Bf4 Qb6 8. Rb1 Bg4
9. Be2 O-O 10. O-O Nbd7 11. Qd2 Bxf3 12. Bxf3 Ne5 13. Be2 Kh7 14. f3 Rac8 15.
Be3 Qd8 16. Nd1 e6 17. c4 exd5 18. cxd5 a6 19. Nf2 Qd7 20. Nh3 b5 21. b4 c4 22.
Ng5+ Kg8 23. Bd4 Nh7 24. Qc3 Nxg5 25. hxg5 f6 26. f4 Ng4 27. Bxg4 Qxg4 28. gxf6
Bh6 29. Qf3 Qd7 30. e5 1-0

[Event "VII Cto. de España Abierto Zona Sur"]
[Site "Almeria (España)"]
[Date "2007.09.06"]
[Round "5.14"]
[White "Pareja Perez, Juan Luis"]
[Black "Moral Garcia, Serafin"]
[Result "1/2-1/2"]
[WhiteElo "2131"]
[BlackElo "1907"]
[PlyCount "61"]
[EventDate "2007.09.??"]
[EventType "swiss"]
[EventRounds "7"]
[EventCountry "ESP"]

1. e4 e5 2. Nf3 Nc6 3. Bb5 a6 4. Ba4 Nf6 5. O-O Be7 6. Re1 b5 7. Bb3 d6 8. c3
O-O 9. h3 Na5 10. Bc2 c5 11. d3 h6 12. Nbd2 Nh7 13. a4 Be6 14. d4 Qc7 15. d5
Bd7 16. Nf1 Kh8 17. Ne3 Rg8 18. Nd2 Bg5 19. Ndf1 Qc8 20. Qf3 f6 21. axb5 axb5
22. b3 Bf4 23. Nf5 Bxf5 24. Bxf4 Bd7 25. Bd2 c4 26. b4 Nb7 27. Ng3 Nd8 28. Nf5
Bxf5 29. Qxf5 Qxf5 30. exf5 Nb7 31. Be3 1/2-1/2

[Event "VII Cto. de España Abierto Zona Sur"]
[Site "Almeria (España)"]
[Date "2007.09.06"]
[Round "5.16"]
[White "Barranco Cara, Francisco Javier"]
[Black "Sampalo Lainz, Francisco"]
[Result "1-0"]
[WhiteElo "1887"]
[BlackElo "1962"]
[PlyCount "69"]
[EventDate "2007.09.??"]
[EventType "swiss"]
[EventRounds "7"]
[EventCountry "ESP"]

1. d4 Nf6 2. Nf3 g6 3. c4 d6 4. Nc3 Bg7 5. e4 O-O 6. Be2 Na6 7. O-O e5 8. Re1
c6 9. Bf1 Bg4 10. Be3 exd4 11. Bxd4 Re8 12. h3 Bxf3 13. Qxf3 c5 14. Be3 Nb4 15.
Re2 Nc6 16. Rd2 Ne5 17. Qd1 Qb6 18. Rb1 Rad8 19. b4 Qc6 20. bxc5 Nxe4 21. Nxe4
Qxe4 22. Rd4 Qc6 23. Rxd6 Rxd6 24. cxd6 Nxc4 25. Bxc4 Qxc4 26. Rxb7 Qxa2 27.
Rxa7 Qb2 28. Qd5 Qb1+ 29. Kh2 Qf5 30. Qxf5 gxf5 31. d7 Rb8 32. Bg5 Be5+ 33. f4
f6 34. fxe5 fxg5 35. Rc7 1-0

[Event "VII Cto. de España Abierto Zona Sur"]
[Site "Almeria (España)"]
[Date "2007.09.06"]
[Round "5.18"]
[White "Munoz Nortes, Jose Antonio"]
[Black "Aleman Alamo, Nicolas"]
[Result "0-1"]
[WhiteElo "1865"]
[BlackElo "1788"]
[PlyCount "58"]
[EventDate "2007.09.??"]
[EventType "swiss"]
[EventRounds "7"]
[EventCountry "ESP"]

1. d4 Nf6 2. Nf3 d5 3. Nc3 e6 4. Bg5 Be7 5. e3 O-O 6. Bd3 Nbd7 7. O-O c5 8. b3
cxd4 9. exd4 h6 10. Bh4 a6 11. a4 b6 12. h3 Bb7 13. Qe2 Qc7 14. Nd1 Rfe8 15.
Bg3 Bd6 16. Bh2 Bxh2+ 17. Nxh2 Nb8 18. Ng4 Nxg4 19. Qxg4 Nd7 20. Re1 Nf6 21.
Qe2 Qd6 22. Qd2 Re7 23. Re3 Rae8 24. Qe2 Ra8 25. Rg3 e5 26. dxe5 Rxe5 27. Qd2
Kf8 28. Ne3 Bc8 29. Nc4 dxc4 0-1

[Event "VII Cto. de España Abierto Zona Sur"]
[Site "Almeria (España)"]
[Date "2007.09.07"]
[Round "6.1"]
[White "Llanes Hurtado, Miguel"]
[Black "Mascaro March, Pedro"]
[Result "1-0"]
[WhiteElo "2446"]
[BlackElo "2390"]
[PlyCount "179"]
[EventDate "2007.09.??"]
[EventType "swiss"]
[EventRounds "7"]
[EventCountry "ESP"]

1. d4 Nf6 2. Nf3 e6 3. c4 b6 4. g3 Ba6 5. b3 d5 6. Bg2 dxc4 7. Ne5 Bb4+ 8. Kf1
Bd6 9. Nxc4 Nd5 10. Kg1 Be7 11. e4 Nf6 12. Nc3 Bb7 13. Bg5 Nc6 14. Be3 a6 15.
d5 exd5 16. exd5 Nb4 17. d6 Bxg2 18. Kxg2 Bxd6 19. Bxb6 O-O 20. Ba5 Qb8 21. Qf3
c5 22. Rac1 Bc7 23. Bxb4 cxb4 24. Nd5 Nxd5 25. Qxd5 Qb5 26. Rhd1 Rfd8 27. Qf3
h6 28. Rxd8+ Rxd8 29. Rd1 Re8 30. Rd5 Qc6 31. Rf5 Qe6 32. Qd5 Bb8 33. Qxe6 Rxe6
34. Rd5 Ba7 35. Re5 Rxe5 36. Nxe5 f6 37. Nd3 a5 38. Nb2 Bb6 39. Nc4 Bc7 40. Kf3
Kf7 41. Ke4 Ke6 42. h3 g6 43. g4 f5+ 44. gxf5+ gxf5+ 45. Kd4 Kf6 46. Ke3 Kg5
47. Kf3 Kh4 48. Ne3 Kg5 49. Ke2 h5 50. Ng2 Kf6 51. Ke3 Bb6+ 52. Kf3 Ke5 53. Nf4
Kd4 54. Ke2 h4 55. f3 Ba7 56. Kd2 Bb8 57. Ne2+ Kd5 58. Ke3 Be5 59. Kd3 Kc5 60.
f4 Bg7 61. Ng1 Kd5 62. Nf3 Bf6 63. Ke3 Kc5 64. Nd2 Kd5 65. Kd3 Bd8 66. Nc4 Bc7
67. Ne3+ Ke6 68. Ng2 Bd8 69. Kc4 Be7 70. Ne3 Bd6 71. Nd5 Bf8 72. Kd4 Bd6 73.
Kc4 Bf8 74. Nc7+ Kd7 75. Nb5 Bh6 76. Nd4 Bxf4 77. Kb5 Bg3 78. Kxa5 f4 79. Kxb4
Kd6 80. Kc4 Ke5 81. Kd3 Bf2 82. Nf3+ Kd5 83. Ke2 Bg3 84. Ng5 Kd4 85. Kf3 Kc3
86. Ne6 Kb2 87. b4 Be1 88. b5 Ba5 89. Nxf4 Kxa2 90. Nd5 1-0

[Event "VII Cto. de España Abierto Zona Sur"]
[Site "Almeria (España)"]
[Date "2007.09.07"]
[Round "6.2"]
[White "Fernandez Siles, Luis"]
[Black "Camacho Collados, Jose"]
[Result "1-0"]
[WhiteElo "2310"]
[BlackElo "2269"]
[PlyCount "43"]
[EventDate "2007.09.??"]
[EventType "swiss"]
[EventRounds "7"]
[EventCountry "ESP"]

1. d4 Nf6 2. Bg5 Ne4 3. Bf4 d5 4. e3 c5 5. Bd3 Qb6 6. Bxe4 dxe4 7. Nc3 Qxb2 8.
Nge2 e6 9. O-O Qb6 10. Nxe4 Na6 11. N2c3 cxd4 12. Rb1 Bb4 13. Nd6+ Ke7 14. Qh5
Rf8 15. Rfd1 Qc5 16. Qh4+ Kd7 17. Nce4 Qxc2 18. Qxh7 Qxa2 19. Qxg7 Rd8 20. Nxf7
e5 21. Nxe5+ Ke8 22. Nf6# 1-0

[Event "VII Cto. de España Abierto Zona Sur"]
[Site "Almeria (España)"]
[Date "2007.09.07"]
[Round "6.3"]
[White "Teran Alvarez, Ismael"]
[Black "Vega Gutierrez, Sabrina Neide"]
[Result "1/2-1/2"]
[WhiteElo "2398"]
[BlackElo "2321"]
[PlyCount "118"]
[EventDate "2007.09.??"]
[EventType "swiss"]
[EventRounds "7"]
[EventCountry "ESP"]

1. e4 c5 2. Nf3 Nc6 3. Bb5 e6 4. Bxc6 bxc6 5. d3 Ne7 6. Qe2 Ng6 7. h4 Qc7 8. h5
Nf4 9. Qd2 e5 10. Qc3 Nxg2+ 11. Kf1 Nf4 12. Bxf4 exf4 13. e5 h6 14. Nbd2 d5 15.
exd6 Qxd6 16. Nc4 Qd5 17. Qe5+ Be6 18. Qxf4 Be7 19. Re1 Bg5 20. Qe4 O-O-O 21.
Nxg5 hxg5 22. Ne3 Qxe4 23. dxe4 Rh6 24. Kg2 Rd2 25. a3 Rf6 26. Rhf1 Rf4 27. e5
Re4 28. Rd1 Rxd1 29. Rxd1 Rxe5 30. Kg3 f5 31. Kf3 f4 32. Nf1 Bd5+ 33. Kg4 Be6+
34. Kf3 Bc4 35. Rc1 Be2+ 36. Kg2 g4 37. Nd2 Rxh5 38. Re1 Re5 39. Kg1 Kd7 40.
Nb3 Kd6 41. Na5 Kd5 42. c4+ Kd6 43. b4 cxb4 44. axb4 Bf3 45. Nb7+ Ke6 46. Nc5+
Kf5 47. Rxe5+ Kxe5 48. b5 cxb5 49. cxb5 Kd6 50. Na4 Kc7 51. Kf1 g5 52. Ke1 g3
53. fxg3 fxg3 54. Kf1 g4 55. Kg1 g2 56. Kf2 g3+ 57. Kg1 Ba8 58. b6+ axb6 59.
Nxb6 Kxb6 1/2-1/2

[Event "VII Cto. de España Abierto Zona Sur"]
[Site "Almeria (España)"]
[Date "2007.09.07"]
[Round "6.4"]
[White "Urbina Perez, Juan Antonio"]
[Black "Vega Gutierrez, Belinda Vidina"]
[Result "1-0"]
[WhiteElo "2163"]
[BlackElo "2098"]
[PlyCount "57"]
[EventDate "2007.09.??"]
[EventType "swiss"]
[EventRounds "7"]
[EventCountry "ESP"]

1. e4 e5 2. Nf3 Nc6 3. Bb5 a6 4. Ba4 Nf6 5. Qe2 b5 6. Bb3 Be7 7. c3 O-O 8. d4
d6 9. Nbd2 Bg4 10. Qe3 Re8 11. O-O Bf8 12. Ng5 Bh5 13. f4 h6 14. Ngf3 Bxf3 15.
Qxf3 Na5 16. Bc2 Qd7 17. fxe5 dxe5 18. Nb3 Nxb3 19. Bxb3 Kh7 20. dxe5 Rxe5 21.
Bf4 Ree8 22. e5 Bc5+ 23. Kh1 Ng8 24. e6 fxe6 25. Bc2+ Kh8 26. Qe4 Nf6 27. Qg6
e5 28. Bxh6 e4 29. Bg5 1-0

[Event "VII Cto. de España Abierto Zona Sur"]
[Site "Almeria (España)"]
[Date "2007.09.07"]
[Round "6.5"]
[White "Cuesta Bustos, Raul"]
[Black "Morales Camacho, Julian"]
[Result "0-1"]
[WhiteElo "2128"]
[BlackElo "2254"]
[PlyCount "66"]
[EventDate "2007.09.??"]
[EventType "swiss"]
[EventRounds "7"]
[EventCountry "ESP"]

1. f4 Nf6 2. Nf3 g6 3. b3 Bg7 4. Bb2 O-O 5. e3 d6 6. Bd3 Nc6 7. a3 e5 8. fxe5
Ng4 9. Nc3 Ncxe5 10. Be2 h5 11. Na4 Bd7 12. Nxe5 Nxe5 13. O-O Qg5 14. Bf3 Bxa4
15. Bxe5 Bxe5 16. bxa4 Bxa1 17. Qxa1 c6 18. Qb2 Rab8 19. Qd4 Qc5 20. Qd3 Qe5
21. Be2 Rbd8 22. Rf3 d5 23. Qb3 b6 24. c3 Rd6 25. Bd3 Rf6 26. Rg3 c5 27. Qd1 d4
28. Qb3 Kg7 29. cxd4 cxd4 30. e4 Qf4 31. Qd1 Qf2+ 32. Kh1 Rc8 33. e5 Rfc6 0-1

[Event "VII Cto. de España Abierto Zona Sur"]
[Site "Almeria (España)"]
[Date "2007.09.07"]
[Round "6.6"]
[White "Delgado Palomeque, Marco A"]
[Black "Campos Gambuti, Luis Maria"]
[Result "1/2-1/2"]
[WhiteElo "2232"]
[BlackElo "2425"]
[PlyCount "131"]
[EventDate "2007.09.??"]
[EventType "swiss"]
[EventRounds "7"]
[EventCountry "ESP"]

1. e4 e6 2. d4 d5 3. e5 c5 4. c3 Nc6 5. Nf3 Bd7 6. Be2 f6 7. O-O Qc7 8. c4 dxc4
9. d5 Nxe5 10. Nxe5 Qxe5 11. Bxc4 O-O-O 12. Re1 Qf5 13. dxe6 Bc6 14. e7 Nxe7
15. Be6+ Qxe6 16. Qxd8+ Kxd8 17. Rxe6 Nf5 18. Na3 Kd7 19. Re1 Nh4 20. Rd1+ Ke6
21. f3 g5 22. Be3 g4 23. Re1 Kf7 24. Bf2 Ng6 25. fxg4 Nf4 26. Bg3 Nd3 27. Re2
Rg8 28. h3 h5 29. Nc4 hxg4 30. h4 b5 31. Nd6+ Bxd6 32. Bxd6 Rd8 33. Bg3 c4 34.
a3 Rd7 35. Rf1 Nc5 36. Rf4 Rd1+ 37. Kh2 Ne6 38. Rff2 Rd3 39. Be5 Bf3 40. gxf3
gxf3 41. Re4 fxe5 42. Rxe5 Nd4 43. Kg3 Kf6 44. Re8 Kf5 45. Rf8+ Ke4 46. h5 Rd1
47. Rh2 Nf5+ 48. Rxf5 Kxf5 49. h6 f2 50. Rxf2+ Kg6 51. Rh2 Kh7 52. Kf4 Rd3 53.
Ke4 a5 54. a4 bxa4 55. Rc2 Rb3 56. Rxc4 Rxb2 57. Rxa4 Rb5 58. Kd3 Kxh6 59. Kc3
Kg5 60. Re4 Kf5 61. Re8 Kf4 62. Kc4 Rh5 63. Kc3 Rb5 64. Kc4 Rh5 65. Kb3 Rc5 66.
Ka4 1/2-1/2

[Event "VII Cto. de España Abierto Zona Sur"]
[Site "Almeria (España)"]
[Date "2007.09.07"]
[Round "6.7"]
[White "Spitzer Isbert, Ramon"]
[Black "Ferrer Sanchez, Pedro J"]
[Result "0-1"]
[WhiteElo "2097"]
[BlackElo "2314"]
[PlyCount "112"]
[EventDate "2007.09.??"]
[EventType "swiss"]
[EventRounds "7"]
[EventCountry "ESP"]

1. d4 Nf6 2. Nf3 g6 3. c4 Bg7 4. Nc3 O-O 5. e4 c5 6. Be2 d6 7. dxc5 dxc5 8. O-O
Nc6 9. Be3 Qa5 10. h3 Rd8 11. Qc1 Nd4 12. Bd1 a6 13. Bh6 Bh8 14. e5 Nd7 15.
Nxd4 cxd4 16. Nd5 Re8 17. b4 Qd8 18. Ba4 Bxe5 19. Re1 Bg7 20. Bg5 f6 21. Bh4 e6
22. Nf4 e5 23. Nd5 g5 24. Bg3 Rf8 25. c5 Kh8 26. h4 gxh4 27. Bxh4 Rg8 28. c6
Nb6 29. Nxb6 Qxb6 30. Qd1 bxc6 31. Rc1 Qxb4 32. Bb3 Bd7 33. Qd3 Be8 34. a3 Qxa3
35. Ra1 Qd6 36. Qc4 Rf8 37. Bc2 Bf7 38. Qe2 c5 39. Be4 Bd5 40. Bf5 Be6 41. Be4
Ra7 42. Bg3 c4 43. Rad1 Bf7 44. f4 d3 45. Qg4 Be6 46. Qh5 Bg8 47. Bf5 Re7 48.
Qf3 Rfe8 49. fxe5 fxe5 50. Be4 Qf6 51. Qg4 Qh6 52. Bf5 Be6 53. Rxe5 Bxf5 54.
Rxf5 c3 55. Rh5 Qe6 56. Qh4 Qe4 0-1

[Event "VII Cto. de España Abierto Zona Sur"]
[Site "Almeria (España)"]
[Date "2007.09.07"]
[Round "6.8"]
[White "Figuero Toro, Julian"]
[Black "Barrios Munoz, Rafael Carlos"]
[Result "1/2-1/2"]
[WhiteElo "2254"]
[BlackElo "2146"]
[PlyCount "122"]
[EventDate "2007.09.??"]
[EventType "swiss"]
[EventRounds "7"]
[EventCountry "ESP"]

1. g3 e5 2. Bg2 d5 3. d3 Nf6 4. Nf3 Bd6 5. Nbd2 O-O 6. e4 c6 7. O-O Nbd7 8. Re1
Re8 9. h3 a5 10. a4 Qc7 11. Nh2 Nc5 12. Ng4 Nxg4 13. hxg4 Be6 14. Bf3 Rad8 15.
Qe2 f6 16. Nf1 d4 17. g5 f5 18. exf5 Bxf5 19. Nd2 Qf7 20. Ne4 Nxe4 21. Bxe4
Bxe4 22. Qxe4 Bb4 23. Rf1 Rd5 24. f3 Rc5 25. Rf2 g6 26. Kg2 Qd5 27. Re2 Rf8 28.
b3 Qf7 29. Ra2 Rd5 30. Rf2 Bc3 31. Bb2 Bb4 32. Ra1 Be7 33. Bc1 Qf5 34. Qxf5
gxf5 35. Bd2 e4 36. fxe4 fxe4 37. Rxf8+ Kxf8 38. dxe4 Rc5 39. Rc1 Bxg5 40. Bxg5
Rxg5 41. Rf1+ Ke7 42. Rf5 Rxf5 43. exf5 Kf6 44. g4 b5 45. Kf3 Ke5 46. Ke2 bxa4
47. bxa4 c5 48. Kd3 Kd5 49. f6 c4+ 50. Kd2 Ke6 51. g5 h5 52. gxh6 Kxf6 53. Ke2
Kg6 54. Kf3 Kxh6 55. Ke4 d3 56. cxd3 cxd3 57. Kxd3 Kg6 58. Kc4 Kf6 59. Kb5 Ke7
60. Kxa5 Kd7 61. Kb6 Kc8 1/2-1/2

[Event "VII Cto. de España Abierto Zona Sur"]
[Site "Almeria (España)"]
[Date "2007.09.07"]
[Round "6.10"]
[White "Barranco Cara, Francisco Javier"]
[Black "Rodriguez Guerrero, Angela"]
[Result "0-1"]
[WhiteElo "1887"]
[BlackElo "1981"]
[PlyCount "60"]
[EventDate "2007.09.??"]
[EventType "swiss"]
[EventRounds "7"]
[EventCountry "ESP"]

1. d4 f5 2. e4 e6 3. Nc3 d5 4. exd5 exd5 5. Bd3 Nf6 6. Nf3 Be7 7. Bf4 c6 8. O-O
O-O 9. Ne5 Ne4 10. Bxe4 fxe4 11. Bg3 Nd7 12. f3 exf3 13. Rxf3 Bf6 14. Qe1 Qb6
15. Qf2 Nxe5 16. dxe5 Qxf2+ 17. Rxf2 Bg5 18. Rxf8+ Kxf8 19. Kf2 Bg4 20. h3 Bh5
21. Ne2 Ke7 22. Nd4 Rf8+ 23. Nf3 Ke6 24. Re1 Bg6 25. Kg1 Bf4 26. Nd4+ Ke7 27.
Bh4+ Ke8 28. Ne6 Rf7 29. Nxf4 Rxf4 30. Re2 Rxh4 0-1

[Event "VII Cto. de España Abierto Zona Sur"]
[Site "Almeria (España)"]
[Date "2007.09.07"]
[Round "6.11"]
[White "Barrenechea Bahamonde, Gustavo"]
[Black "Diaz Sanchez, Jose Francisco"]
[Result "1-0"]
[WhiteElo "2220"]
[BlackElo "1978"]
[PlyCount "97"]
[EventDate "2007.09.??"]
[EventType "swiss"]
[EventRounds "7"]
[EventCountry "ESP"]

1. e4 c5 2. Nf3 e6 3. b3 Nc6 4. Bb5 d6 5. O-O Bd7 6. Re1 Be7 7. c3 Nf6 8. d4
cxd4 9. cxd4 d5 10. e5 Ne4 11. Bd3 Ng5 12. Nbd2 Qb6 13. Bb2 Nb4 14. Bb1 Rc8 15.
a3 Nc6 16. Re3 Nxf3+ 17. Nxf3 O-O 18. Qd3 g6 19. h4 f5 20. exf6 Bxf6 21. h5 Ne7
22. Ne5 Bb5 23. Qd1 Nf5 24. Rh3 Bxe5 25. dxe5 Ng3 26. Rxg3 Qxf2+ 27. Kh2 Rf4
28. Ra2 Rh4+ 29. Rh3 Bf1 30. Bc1 Rxh3+ 31. Kxh3 Bxg2+ 32. Kh2 Qh4+ 33. Kxg2 Rc3
34. Bd3 Qd4 35. Be2 Qxd1 36. Bxd1 Rxc1 37. Bg4 Kf7 38. Rf2+ Ke7 39. hxg6 hxg6
40. Rf6 Rc6 41. Rxg6 Rb6 42. Bd1 Rb5 43. Kf3 a6 44. Ke3 Rb6 45. Kd4 Rb5 46.
Rg7+ Kd8 47. b4 a5 48. Ba4 Rb6 49. Kc5 1-0

[Event "VII Cto. de España Abierto Zona Sur"]
[Site "Almeria (España)"]
[Date "2007.09.07"]
[Round "6.12"]
[White "Moral Garcia, Serafin"]
[Black "Sanchez Botella, Luis Javier"]
[Result "1-0"]
[WhiteElo "1907"]
[BlackElo "2244"]
[PlyCount "83"]
[EventDate "2007.09.??"]
[EventType "swiss"]
[EventRounds "7"]
[EventCountry "ESP"]

1. e4 c5 2. Nf3 d6 3. d4 cxd4 4. Nxd4 Nf6 5. Nc3 a6 6. f3 e6 7. Be3 b5 8. Qd2
Bb7 9. g4 Qa5 10. Nb3 Qc7 11. O-O-O Nc6 12. h4 Ne5 13. Nd4 Rc8 14. g5 Nxf3 15.
Nxf3 Nxe4 16. Qg2 Nxc3 17. bxc3 Qxc3 18. Bd3 Qa3+ 19. Kd2 Be7 20. h5 O-O 21.
Rdg1 Be4 22. Bxe4 Qb4+ 23. Ke2 Qxe4 24. Nd4 Qxg2+ 25. Rxg2 Rfe8 26. Kd3 Bf8 27.
h6 g6 28. Ne2 Rc4 29. Rf1 Rh4 30. Rf4 Rxf4 31. Bxf4 e5 32. Bd2 d5 33. Nc3 f5
34. gxf6 d4 35. Ne4 Kf7 36. Rf2 Ke6 37. f7 Ra8 38. Nf6 Rc8 39. Nxh7 Kd5 40.
Nxf8 e4+ 41. Ke2 Rxf8 42. h7 1-0

[Event "VII Cto. de España Abierto Zona Sur"]
[Site "Almeria (España)"]
[Date "2007.09.07"]
[Round "6.13"]
[White "Galvez Extremera, Francisco"]
[Black "De Nacimiento Montano, Antonio"]
[Result "0-1"]
[WhiteElo "2140"]
[BlackElo "1992"]
[PlyCount "116"]
[EventDate "2007.09.??"]
[EventType "swiss"]
[EventRounds "7"]
[EventCountry "ESP"]

1. e4 c5 2. d4 g6 3. dxc5 Bg7 4. Nf3 Qa5+ 5. c3 Qxc5 6. Be3 Qc7 7. Bd4 Nf6 8.
e5 Nh5 9. Na3 Nc6 10. Nb5 Qd8 11. Qd2 a6 12. Na3 d6 13. Be3 dxe5 14. Qxd8+ Nxd8
15. Nc4 Nc6 16. Nb6 Rb8 17. Nxc8 Rxc8 18. g3 O-O 19. Be2 Nf6 20. O-O Nd5 21.
Bc1 Rfd8 22. Rd1 Na5 23. h4 h6 24. h5 g5 25. Nd2 f5 26. Nb3 Nc4 27. Bd3 e6 28.
Nd2 Nxc3 29. Bxc4 Nxd1 30. Bxe6+ Kf8 31. Bxc8 Rxc8 32. Kf1 e4 33. Ke2 Bxb2 34.
Bxb2 Nxb2 35. Rb1 Rc2 36. Ke3 f4+ 37. gxf4 gxf4+ 38. Kxe4 Rxd2 39. f3 Nc4 40.
Kxf4 b5 41. a4 Rd5 42. axb5 axb5 43. Ra1 b4 44. Ra8+ Kg7 45. Rb8 Rxh5 46. Rxb4
Nd6 47. Rb6 Rd5 48. Kg4 Kg6 49. Kh4 Rd4+ 50. Kg3 Kg5 51. Ra6 Nf5+ 52. Kf2 Kf4
53. Ra3 h5 54. Ra5 Rd2+ 55. Ke1 Rb2 56. Kf1 h4 57. Kg1 h3 58. Ra3 h2+ 0-1

[Event "VII Cto. de España Abierto Zona Sur"]
[Site "Almeria (España)"]
[Date "2007.09.07"]
[Round "6.14"]
[White "De Nacimiento Montano, Angel"]
[Black "Pareja Perez, Juan Luis"]
[Result "1/2-1/2"]
[WhiteElo "1999"]
[BlackElo "2131"]
[PlyCount "55"]
[EventDate "2007.09.??"]
[EventType "swiss"]
[EventRounds "7"]
[EventCountry "ESP"]

1. e4 c6 2. d4 d5 3. exd5 cxd5 4. c4 Nf6 5. Nf3 Nc6 6. Be2 g6 7. O-O Bg7 8. Nc3
O-O 9. Bg5 Be6 10. c5 Ne4 11. Be3 Bg4 12. h3 Bf5 13. Rc1 Nxc3 14. Rxc3 a6 15.
a3 Re8 16. Re1 Qc7 17. b4 Rad8 18. Rc1 e5 19. dxe5 Nxe5 20. Nxe5 Qxe5 21. Bf3
Qb2 22. Bg5 Rxe1+ 23. Qxe1 Bf6 24. Bxf6 Qxf6 25. Rd1 Be6 26. a4 Qf4 27. Qd2
Qxd2 28. Rxd2 1/2-1/2